000 00961nam a22002417i 4500
999 _c23535
_d23535
003 AR-CdUCM
008 260227b20232023 pe||||| |||| 00| 0 spa d
040 _aMUNICIPALIDAD PROVINCIAL DEL CUSCO
_cBIBLIOTECA MUNICIPAL DEL CUSCO
041 _hspa
082 _aEP / 398.209
_bC85
100 _aCueva García. Alfonso
_952359
245 _aCuentos y leyendas de fantasmas y almas condenadas :
_bHistorias escalofriantes y asombrosas del más allá /
260 _aLima :
_bAldo Editores Importadores SAC.
_c2023
300 _a176 páginas. :
_c24x17 cm.
505 _aEl fantasma de la capa negra -- Fantasma de Jayanca -- Fantasma del arriero -- El féretro de Ayo -- El carro fantasma -- El espíritu del árbol -- Espíritu de la novia
650 _aEl féretro
_952360
650 _aLa huérfana
_952361
650 _aEl alma
_952362
650 _aAlma mulo
_952363
650 _aEl condenado
_952364
942 _2ddc
_cLIBROS
945 _apbjr
_d27-02-2026